| 000 | 00982nam a2200265 i 4500 | ||
|---|---|---|---|
| 003 | IT-RoINE | ||
| 005 | 20170724092629.0 | ||
| 008 | 771007s1976 sp r 000 | spa d | ||
| 020 | _a8423916103 | ||
| 040 |
_aDLC _cDLC IT-RoINE _dDLC _eIT-RoINE |
||
| 100 | 1 |
_aPérez de Barradas, José, _d 1897-1981 _937464 |
|
| 245 | 1 | 4 |
_aLos mestizos de América / _cJosé Pérez de Barradas. |
| 260 |
_aMadrid : _bEspasa-Calpe, _c1976. |
||
| 300 |
_a249 p. ; _c18 cm. |
||
| 336 |
_2rdacontent _atext |
||
| 337 |
_2rdamedia _aunmediated |
||
| 338 |
_2rdacarrier _avolume |
||
| 490 | 1 |
_aColección austral ; _v1610 |
|
| 500 | _a"Esta obra obtuvo el Premio Duque de Lourat, otorgado por la Real academia de la historia (Madrid), en la convocatoria de 1951". | ||
| 504 | _aBibliografía al final de cada capítulo. | ||
| 650 | 4 |
_aMestizaje _zAmérica Latina _937465 |
|
| 651 | 4 |
_aAmérica Latina _xRelaciones raciales _937466 |
|
| 830 | 0 |
_98968 _aColección austral ; _v1610 |
|
| 942 | _cMTS | ||
| 999 |
_c18840 _d18840 |
||